00410nam a2200157Ia 4500003000400000005001700004008004100021020001500062040000900077082001500086100001900101245005500120260005700175300000900232650001100241OSt20200923145746.0190216s9999||||xx |||||||||||||| ||und|| a8122407838 coclc a576bGUN/L aGunasekaran, P 0aLaboratory Manual In Microbiology /cP Gunasekaran bNew Age International Publishers,aNew Delhi:c1996. a138p aBotany